000
00218 a2200097 4500
001
47100
100
_a
Strategicus
245
_a
To Stalingrad and Alamein
260
_a
London
_b
Faber & Faber
_c
090
_c
30162
_d
30162
942
_a
NUST-CAE
_c
M
_c
22406
999
_c
282173
_d
282173